| 000 | 00624nam a2200169 a 4500 | ||
|---|---|---|---|
| 008 | 161014s1999 ||||||||||||||||| || u | ||
| 020 | _a1557758492 | ||
| 050 | _aIMF(08)EI/19 | ||
| 100 | _aEichengreen, Barry | ||
| 245 | 1 | 0 |
_aHedge funds: what do we really know? _cBarry Eichengreen [and] Dolnald Mathieson |
| 260 |
_aWashington, D. C. _bInternational Monetary Fund _c1999 |
||
| 300 | _aiii, 22p. | ||
| 650 | _aHedge funds | ||
| 650 | _aFINANCIAL MARKETS | ||
| 650 | _aINVESTMENT | ||
| 995 |
_FCBU-MAIN LIBRARY (Kitwe) _M1 _UAVAILABLE _WOct 21, 2016 _ZInternational Publications |
||
| 999 |
_c45476 _d45476 |
||